00269nam a2200109Ia 4500008004100000041000800041082001600049100001000065245004500075260003200120365000700152240624s9999 xx 000 0 und d aeng a658.827 ICF aICFAI aCASE STRATEGIES IN BRAND MANAGEMENT I WO aHyderabadbICFAI University cRS